| 000 | 01775nam a22003734a 4500 | ||
|---|---|---|---|
| 001 | ebr10026239 | ||
| 003 | CaPaEBR | ||
| 006 | m u | ||
| 007 | cr cn||||||||| | ||
| 008 | 011026s2002 dcuabf sb 001 0 eng | ||
| 010 | _z 2001006592 | ||
| 020 | _z0815702477 (pbk. : alk. paper) | ||
| 040 |
_aCaPaEBR _cCaPaEBR |
||
| 035 | _a(OCoLC)614715509 | ||
| 050 | 1 | 4 |
_aHB3505 _b.P33 2002eb |
| 082 | 0 | 4 |
_a330.973/009173/2 _221 |
| 100 | 1 | _aPack, Janet Rothenberg. | |
| 245 | 1 | 0 |
_aGrowth and convergence in metropolitan America _h[electronic resource] / _cJanet Rothenberg Pack. |
| 260 |
_aWashington, D.C. : _bBrookings Institution Press, _cc2002. |
||
| 300 |
_axvii, 214 p., [24] p. of plates : _bill. (some col.), col. maps. |
||
| 490 | 1 | _aBrookings metro series | |
| 504 | _aIncludes bibliographical references (p. 197-203) and indexes. | ||
| 505 | 0 | _aMajor shifts in population and economic activity -- Interregional differences : characteristics and explanations -- Socioeconomic characteristics and growth -- Estimating growth -- Behind the growth equations -- Regional policy. | |
| 533 |
_aElectronic reproduction. _bPalo Alto, Calif. : _cebrary, _d2013. _nAvailable via World Wide Web. _nAccess may be limited to ebrary affiliated libraries. |
||
| 650 | 0 |
_aRegional disparities _zUnited States. |
|
| 650 | 0 |
_aMetropolitan areas _xEconomic aspects. |
|
| 650 | 0 |
_aCities and towns _zUnited States _xGrowth. |
|
| 651 | 0 |
_aUnited States _xPopulation _xEconomic aspects. |
|
| 651 | 0 |
_aUnited States _xEconomic policy. |
|
| 655 | 7 |
_aElectronic books. _2local |
|
| 710 | 2 | _aebrary, Inc. | |
| 830 | 0 | _aBrookings metro series. | |
| 856 | 4 | 0 |
_uhttp://site.ebrary.com/lib/rucke/Doc?id=10026239 _zAn electronic book accessible through the World Wide Web; click to view |
| 999 |
_c8690 _d8690 |
||